Loading...
| Current Events | 2 | 25.00 | 100% | 100% | 50% |
| Fine Arts - Auditory | 5 | 10.00 | 80% | 0% | 20% |
| Fine Arts - Other | 5 | 16.00 | 100% | 40% | 20% |
| Fine Arts - Visual | 6 | 13.33 | 83% | 33% | 17% |
| Geography | 4 | 15.00 | 100% | 25% | 25% |
| History - American | 2 | 15.00 | 100% | 50% | 0% |
| History - Ancient | 1 | 20.00 | 100% | 100% | 0% |
| History - Ancient/Other | 4 | 17.50 | 100% | 75% | 0% |
| History - European | 6 | 13.33 | 83% | 50% | 0% |
| History - World | 3 | 20.00 | 100% | 67% | 33% |
| Literature - American | 7 | 14.29 | 86% | 43% | 14% |
| Literature - British | 6 | 13.33 | 100% | 33% | 0% |
| Literature - European | 1 | 10.00 | 100% | 0% | 0% |
| Literature - World | 4 | 12.50 | 75% | 50% | 0% |
| Mythology | 1 | 20.00 | 100% | 100% | 0% |
| Other Academic | 3 | 20.00 | 100% | 67% | 33% |
| Philosophy | 7 | 14.29 | 86% | 43% | 14% |
| Religion | 5 | 10.00 | 80% | 20% | 0% |
| Science - Biology | 4 | 10.00 | 75% | 25% | 0% |
| Science - Chemistry | 6 | 8.33 | 83% | 0% | 0% |
| Science - Other | 5 | 12.00 | 80% | 40% | 0% |
| Science - Physics | 3 | 6.67 | 67% | 0% | 0% |
| Social Science | 2 | 15.00 | 100% | 50% | 0% |